| 000 | 00797cam a22002532 4500 | ||
|---|---|---|---|
| 001 | 22341 | ||
| 003 | BD-RjUL | ||
| 005 | 20211209000809.0 | ||
| 008 | 140308t1955 enk 000 0 eng | ||
| 035 | _a(BD-RjUL) 22406 | ||
| 040 |
_aDLC _cYBM _dOCL _dEQO _dBD-RjUL _beng |
||
| 041 | 1 | _aengben | |
| 082 | 0 | 4 |
_a891.41 _bTAF 1955 |
| 100 | 1 | 0 |
_aTagore, Rabindranath. _968979 |
| 245 | 1 | 2 |
_aA flight of swans : _bpoems from Balākā / _cby Rabindranath Tagore, translated from the Bengali by Aurobindo Bose, with a foreword by Professor Radhakrishnan. |
| 250 | _a1st ed. | ||
| 260 |
_aLondon : _bJ. Murray, _c1955. |
||
| 300 |
_a82 p. ; _c18 cm. |
||
| 490 | 0 | _aWisdom of the East series. | |
| 700 | 1 |
_aBose, Aurobindo. _968980 |
|
| 942 |
_2ddc _cBK |
||
| 999 |
_c22341 _d22341 |
||